<?xml version="1.0" encoding="UTF-8"?>
<record
    xmlns:xsi="http://www.w3.org/2001/XMLSchema-instance"
    xsi:schemaLocation="http://www.loc.gov/MARC21/slim http://www.loc.gov/standards/marcxml/schema/MARC21slim.xsd"
    xmlns="http://www.loc.gov/MARC21/slim">

  <leader>00436nam a2200169   4500</leader>
  <controlfield tag="003">SEACOMMC</controlfield>
  <controlfield tag="005">20250429140011.0</controlfield>
  <controlfield tag="008">241227b        |||||||| |||| 00| 0 eng d</controlfield>
  <datafield tag="020" ind1=" " ind2=" ">
    <subfield code="a"> 978-93-5024-458-6</subfield>
    <subfield code="c">Rs.425.00</subfield>
  </datafield>
  <datafield tag="040" ind1=" " ind2=" ">
    <subfield code="a">SEACOMMC</subfield>
  </datafield>
  <datafield tag="082" ind1=" " ind2=" ">
    <subfield code="a">647.068 </subfield>
    <subfield code="b">J 59</subfield>
  </datafield>
  <datafield tag="100" ind1=" " ind2=" ">
    <subfield code="a"> Jha, S M</subfield>
  </datafield>
  <datafield tag="245" ind1="1" ind2=" ">
    <subfield code="a">Hospital Management</subfield>
    <subfield code="c">S M Jha</subfield>
  </datafield>
  <datafield tag="260" ind1=" " ind2=" ">
    <subfield code="a"> Mumbai</subfield>
    <subfield code="b"> Himalaya </subfield>
    <subfield code="c"> 2001</subfield>
  </datafield>
  <datafield tag="650" ind1=" " ind2=" ">
    <subfield code="a"> Hospitals -- Administration</subfield>
  </datafield>
  <datafield tag="942" ind1=" " ind2=" ">
    <subfield code="c">BOOK</subfield>
  </datafield>
  <datafield tag="952" ind1=" " ind2=" ">
    <subfield code="0">0</subfield>
    <subfield code="1">0</subfield>
    <subfield code="2">ddc</subfield>
    <subfield code="4">0</subfield>
    <subfield code="7">0</subfield>
    <subfield code="a">SEACOMMC</subfield>
    <subfield code="b">SEACOMMC</subfield>
    <subfield code="c">REF</subfield>
    <subfield code="d">2007-12-15</subfield>
    <subfield code="l">0</subfield>
    <subfield code="o">647.068  J 59</subfield>
    <subfield code="p">M-1342</subfield>
    <subfield code="r">2024-12-27 11:49:59</subfield>
    <subfield code="w">2024-12-27</subfield>
    <subfield code="y">BOOK</subfield>
  </datafield>
  <datafield tag="952" ind1=" " ind2=" ">
    <subfield code="0">0</subfield>
    <subfield code="1">0</subfield>
    <subfield code="2">ddc</subfield>
    <subfield code="4">0</subfield>
    <subfield code="7">0</subfield>
    <subfield code="a">SEACOMMC</subfield>
    <subfield code="b">SEACOMMC</subfield>
    <subfield code="d">2007-12-15</subfield>
    <subfield code="l">0</subfield>
    <subfield code="o">647.068  J 59</subfield>
    <subfield code="p">M-1343</subfield>
    <subfield code="r">2024-12-27 11:50:29</subfield>
    <subfield code="t">1</subfield>
    <subfield code="w">2024-12-27</subfield>
    <subfield code="y">BOOK</subfield>
  </datafield>
  <datafield tag="952" ind1=" " ind2=" ">
    <subfield code="0">0</subfield>
    <subfield code="1">0</subfield>
    <subfield code="2">ddc</subfield>
    <subfield code="4">0</subfield>
    <subfield code="7">0</subfield>
    <subfield code="a">SEACOMMC</subfield>
    <subfield code="b">SEACOMMC</subfield>
    <subfield code="d">2007-12-15</subfield>
    <subfield code="l">0</subfield>
    <subfield code="o">647.068  J 59</subfield>
    <subfield code="p">M-1344</subfield>
    <subfield code="r">2024-12-27 11:50:29</subfield>
    <subfield code="t">2</subfield>
    <subfield code="w">2024-12-27</subfield>
    <subfield code="y">BOOK</subfield>
  </datafield>
  <datafield tag="952" ind1=" " ind2=" ">
    <subfield code="0">0</subfield>
    <subfield code="1">0</subfield>
    <subfield code="2">ddc</subfield>
    <subfield code="4">0</subfield>
    <subfield code="7">0</subfield>
    <subfield code="a">SEACOMMC</subfield>
    <subfield code="b">SEACOMMC</subfield>
    <subfield code="d">2007-12-15</subfield>
    <subfield code="l">0</subfield>
    <subfield code="o">647.068  J 59</subfield>
    <subfield code="p">M-1345</subfield>
    <subfield code="r">2024-12-27 11:50:29</subfield>
    <subfield code="t">3</subfield>
    <subfield code="w">2024-12-27</subfield>
    <subfield code="y">BOOK</subfield>
  </datafield>
  <datafield tag="952" ind1=" " ind2=" ">
    <subfield code="0">0</subfield>
    <subfield code="1">0</subfield>
    <subfield code="2">ddc</subfield>
    <subfield code="4">0</subfield>
    <subfield code="7">0</subfield>
    <subfield code="a">SEACOMMC</subfield>
    <subfield code="b">SEACOMMC</subfield>
    <subfield code="d">2007-12-15</subfield>
    <subfield code="l">0</subfield>
    <subfield code="o">647.068  J 59</subfield>
    <subfield code="p">M-1346</subfield>
    <subfield code="r">2024-12-27 11:50:29</subfield>
    <subfield code="t">4</subfield>
    <subfield code="w">2024-12-27</subfield>
    <subfield code="y">BOOK</subfield>
  </datafield>
  <datafield tag="952" ind1=" " ind2=" ">
    <subfield code="0">0</subfield>
    <subfield code="1">0</subfield>
    <subfield code="2">ddc</subfield>
    <subfield code="4">0</subfield>
    <subfield code="7">0</subfield>
    <subfield code="a">SEACOMMC</subfield>
    <subfield code="b">SEACOMMC</subfield>
    <subfield code="d">2007-12-15</subfield>
    <subfield code="l">0</subfield>
    <subfield code="o">647.068  J 59</subfield>
    <subfield code="p">M-1347</subfield>
    <subfield code="r">2024-12-27 11:50:29</subfield>
    <subfield code="t">5</subfield>
    <subfield code="w">2024-12-27</subfield>
    <subfield code="y">BOOK</subfield>
  </datafield>
  <datafield tag="952" ind1=" " ind2=" ">
    <subfield code="0">0</subfield>
    <subfield code="1">0</subfield>
    <subfield code="2">ddc</subfield>
    <subfield code="4">0</subfield>
    <subfield code="7">0</subfield>
    <subfield code="a">SEACOMMC</subfield>
    <subfield code="b">SEACOMMC</subfield>
    <subfield code="d">2007-12-15</subfield>
    <subfield code="l">0</subfield>
    <subfield code="o">647.068  J 59</subfield>
    <subfield code="p">M-1348</subfield>
    <subfield code="r">2024-12-27 11:50:29</subfield>
    <subfield code="t">6</subfield>
    <subfield code="w">2024-12-27</subfield>
    <subfield code="y">BOOK</subfield>
  </datafield>
  <datafield tag="952" ind1=" " ind2=" ">
    <subfield code="0">0</subfield>
    <subfield code="1">0</subfield>
    <subfield code="2">ddc</subfield>
    <subfield code="4">0</subfield>
    <subfield code="7">0</subfield>
    <subfield code="a">SEACOMMC</subfield>
    <subfield code="b">SEACOMMC</subfield>
    <subfield code="d">2007-12-15</subfield>
    <subfield code="l">0</subfield>
    <subfield code="o">647.068  J 59</subfield>
    <subfield code="p">M-1349</subfield>
    <subfield code="r">2024-12-27 11:50:29</subfield>
    <subfield code="t">7</subfield>
    <subfield code="w">2024-12-27</subfield>
    <subfield code="y">BOOK</subfield>
  </datafield>
  <datafield tag="952" ind1=" " ind2=" ">
    <subfield code="0">0</subfield>
    <subfield code="1">0</subfield>
    <subfield code="2">ddc</subfield>
    <subfield code="4">0</subfield>
    <subfield code="7">0</subfield>
    <subfield code="a">SEACOMMC</subfield>
    <subfield code="b">SEACOMMC</subfield>
    <subfield code="d">2007-12-15</subfield>
    <subfield code="l">0</subfield>
    <subfield code="o">647.068  J 59</subfield>
    <subfield code="p">M-1350</subfield>
    <subfield code="r">2024-12-27 11:50:29</subfield>
    <subfield code="t">8</subfield>
    <subfield code="w">2024-12-27</subfield>
    <subfield code="y">BOOK</subfield>
  </datafield>
  <datafield tag="952" ind1=" " ind2=" ">
    <subfield code="0">0</subfield>
    <subfield code="1">0</subfield>
    <subfield code="2">ddc</subfield>
    <subfield code="4">0</subfield>
    <subfield code="7">0</subfield>
    <subfield code="a">SEACOMMC</subfield>
    <subfield code="b">SEACOMMC</subfield>
    <subfield code="d">2007-12-15</subfield>
    <subfield code="l">0</subfield>
    <subfield code="o">647.068  J 59</subfield>
    <subfield code="p">M-1351</subfield>
    <subfield code="r">2024-12-27 11:50:29</subfield>
    <subfield code="t">9</subfield>
    <subfield code="w">2024-12-27</subfield>
    <subfield code="y">BOOK</subfield>
  </datafield>
  <datafield tag="999" ind1=" " ind2=" ">
    <subfield code="c">937</subfield>
    <subfield code="d">937</subfield>
  </datafield>
</record>
